Statistiken für Die 10 größten Städte - Kanarische Inseln

Klicken Sie hier um das Quiz zu spielen!

Allgemein

  • Dieses Quiz wurde 36 mal gespielt
  • Das Durchschnittsergebnis liegt bei 3 aus 10

Antwortstatistiken

EinwohnerInselStadt% Korrekt
378.675Gran CanariaLas Palmas de Gran Canaria
91%
208.563TeneriffaSanta Cruz de Tenerife
67%
64.497LanzaroteArrecife
45%
102.769Gran CanariaTelde
27%
158.010TeneriffaLa Laguna
24%
82.563TeneriffaArona
12%
53.066Gran CanariaSan Bartolomé de Tirajana
9%
48.733TeneriffaAdeje
3%
73.573Gran CanariaSanta Lucía de Tirajana
3%
51.850TeneriffaGranadilla de Abona
0%

Verteilung der Resultate

Perzentil nach korrekt beantworteten Fragen

Anzahl Personen mit jedem Resultat

Ihre Resultats-Entwicklung

Sie haben dieses Quiz noch nicht gespielt